[Event "Kuzbass-ch op"]
[Site "Kemerovo"]
[Date "2011.10.21"]
[Round "9"]
[White "Zimin, Ivan"]
[Black "Riabov, Aleksandr"]
[Result "1-0"]
[WhiteElo "2072"]
[BlackElo "1966"]
[PlyCount "81"]
[EventDate "2011.10.14"]
[EventType "swiss"]
[EventRounds "9"]
[EventCountry "RUS"]
[SourceTitle "EXT 2012"]
[Source "ChessBase"]
[SourceDate "2011.11.24"]
[SourceVersion "1"]
[SourceVersionDate "2011.11.24"]
[SourceQuality "1"]

1. e4 c5 2. f4 d5 3. e5 h5 4. Be2 g6 5. Nf3 Bf5 6. d3 h4 7. h3 e6 8. 0-0 Nc6 9. c3 Be7 10. Na3 a6 11. Nc2 b5 12. Be3 a5 13. Rc1 Rb8 14. b3 Nh6 15. Qd2 Kf8 16. Rfd1 Kg7 17. Qe1 Rb7 18. Qf2 Qf8 19. Qe1 Ng8 20. Bf2 Qd8 21. Ne3 Rh6 22. Nxf5+ gxf5 23. d4 c4 24. bxc4 bxc4 25. Rb1 Rb8 26. Rxb8 Nxb8 27. Rb1 Nc6 28. Bd1 Kh7 29. Ba4 Na7 30. Rb7 Nc8 31. Qb1 Kg7 32. Qb5 Rh8 33. Rb8 Ba3 34. Qb1 Kg6 35. Qb7 Nge7 36. Bxh4 Rxh4 37. Nxh4+ Kg7 38. Nf3 Bc1 39. g3 Qh8 40. Kg2 Qf8 41. Bd7 1-0

[Event "Kemerovo op"]
[Site "Kemerovo"]
[Date "2010.07.28"]
[Round "4"]
[White "Zimin, Ivan"]
[Black "Koveshnikova, Daria"]
[Result "0-1"]
[WhiteElo "2086"]
[BlackElo "2034"]
[PlyCount "130"]
[EventDate "2010.07.26"]
[EventType "swiss"]
[EventRounds "9"]
[EventCountry "RUS"]
[SourceTitle "EXT 2011"]
[Source "ChessBase"]
[SourceDate "2010.11.26"]
[SourceVersion "1"]
[SourceVersionDate "2010.11.26"]
[SourceQuality "1"]

1. d4 d5 2. e3 Bf5 3. Bd3 Bxd3 4. Qxd3 c6 5. Nd2 Nf6 6. f4 e6 7. Ngf3 Nbd7 8. c3 Bd6 9. 0-0 0-0 10. Ne5 Ne8 11. e4 dxe4 12. Nxe4 Ndf6 13. Nxf6+ Nxf6 14. Be3 Nd5 15. Rad1 Nxe3 16. Qxe3 Qc7 17. Nc4 Rad8 18. g3 Be7 19. Rde1 Rd7 20. b4 b6 21. Ne5 Rdd8 22. Nd3 Rd7 23. f5 exf5 24. Rxf5 Bf6 25. Qf3 Qd6 26. Re4 h6 27. Ref4 Bg5 28. Ne5 Bxf4 29. Nxd7 Qxd7 30. Qxf4 Qe6 31. Qf3 f6 32. d5 cxd5 33. Qxd5 Re8 34. c4 Qxd5 35. Rxd5 Re2 36. a3 Ra2 37. Rd3 Rc2 38. Rd7 Rxc4 39. Rxa7 Rc2 40. b5 Ra2 41. a4 Kh7 42. Ra6 Kg6 43. Rxb6 Rxa4 44. Kg2 Ra2+ 45. Kh3 Rb2 46. Rb7 h5 47. Rb8 Kf5 48. Rc8 g5 49. Rc5+ Kg6 50. g4 hxg4+ 51. Kxg4 Rxh2 52. Rc8 f5+ 53. Kg3 Rb2 54. Rg8+ Kh6 55. Rh8+ Kg7 56. Rb8 Rb3+ 57. Kf2 Kg6 58. b6 Kh5 59. b7 Kg4 60. Ke1 f4 61. Kd2 f3 62. Kc2 Rb6 63. Kd3 Rb1 64. Ke3 Rb3+ 65. Kd2 Rb2+ 0-1

[Event "Kemerovo op 08"]
[Site "Kemerovo"]
[Date "2009.08.28"]
[Round "9"]
[White "Trojan, Andrey"]
[Black "Zimin, Ivan"]
[Result "1/2-1/2"]
[WhiteElo "1829"]
[BlackElo "2121"]
[PlyCount "80"]
[EventDate "2009.08.22"]
[EventType "swiss"]
[EventRounds "9"]
[EventCountry "RUS"]
[SourceTitle "EXT 2012"]
[Source "ChessBase"]
[SourceDate "2011.11.24"]
[SourceVersion "1"]
[SourceVersionDate "2011.11.24"]
[SourceQuality "1"]

1. e4 e6 2. d4 d5 3. exd5 exd5 4. Nf3 Nf6 5. Bg5 Be7 6. Be2 Ne4 7. Bxe7 Qxe7 8. 0-0 0-0 9. Re1 Nf6 10. c4 c6 11. Nc3 Qd6 12. c5 Qc7 13. b4 Bg4 14. a4 Nbd7 15. Qc2 Rfe8 16. b5 Qf4 17. Qc1 Qc7 18. Qd2 h6 19. h3 Bxf3 20. Bxf3 Rxe1+ 21. Rxe1 Nf8 22. Qd3 Ng6 23. g3 Qa5 24. Rb1 Qc7 25. Qd2 Re8 26. b6 axb6 27. cxb6 Qe7 28. Qb2 Ra8 29. Ra1 Ra5 30. Kg2 Nf8 31. Ne2 Qe8 32. Qb4 Qa8 33. Nc1 N8d7 34. Nb3 Ra6 35. a5 Qf8 36. Qxf8+ Kxf8 37. Be2 Ra8 38. h4 Ke7 39. f3 Kd6 40. Rc1 Nb8 1/2-1/2

[Event "Kemerovo op 08"]
[Site "Kemerovo"]
[Date "2009.08.27"]
[Round "8"]
[White "Usatov, Vladimir"]
[Black "Zimin, Ivan"]
[Result "0-1"]
[WhiteElo "2157"]
[BlackElo "2121"]
[PlyCount "102"]
[EventDate "2009.08.22"]
[EventType "swiss"]
[EventRounds "9"]
[EventCountry "RUS"]
[SourceTitle "EXT 2012"]
[Source "ChessBase"]
[SourceDate "2011.11.24"]
[SourceVersion "1"]
[SourceVersionDate "2011.11.24"]
[SourceQuality "1"]

1. e4 e5 2. Nf3 Qe7 3. Bc4 h6 4. 0-0 d6 5. d4 c6 6. dxe5 dxe5 7. Qd3 b5 8. Bb3 Qd6 9. Rd1 Qxd3 10. Rxd3 Nd7 11. Rxd7 Bxd7 12. Nxe5 Be6 13. Bxe6 fxe6 14. Nxc6 Bc5 15. Kf1 Rc8 16. Ne5 Bd4 17. Nf3 Rxc2 18. Nxd4 Rxc1+ 19. Ke2 a6 20. Nb3 Rg1 21. Kf3 Ne7 22. Nc3 Rxa1 23. Nxa1 0-0+ 24. Ke3 Rc8 25. a3 g5 26. Nc2 Nc6 27. Nd4 Kf7 28. Nxc6 Rxc6 29. f3 e5 30. Kd2 Ke6 31. Nd5 Rc4 32. Ne3 Rc7 33. Nd5 Rf7 34. h3 h5 35. Ne3 Kd6 36. Nf5+ Kc6 37. Ng3 g4 38. hxg4 hxg4 39. Nf5 gxf3 40. g4 Rh7 41. g5 Rh2+ 42. Ke3 f2 43. Ke2 Kd7 44. g6 Ke8 45. Kf1 Kf8 46. Ne3 Rh4 47. Nd5 Rxe4 48. Nc7 Kg7 49. Nxa6 Rf4 50. Nc7 Kxg6 51. Nxb5 e4 0-1

[Event "Kemerovo op"]
[Site "Kemerovo"]
[Date "2009.07.24"]
[Round "7"]
[White "Zimin, Ivan"]
[Black "Kneita, Arunas"]
[Result "1-0"]
[WhiteElo "2121"]
[BlackElo "2114"]
[PlyCount "87"]
[EventDate "2009.07.20"]
[EventType "swiss"]
[EventRounds "9"]
[EventCountry "RUS"]
[SourceTitle "EXT 2022"]
[Source "ChessBase"]
[SourceDate "2021.10.06"]
[SourceVersion "1"]
[SourceVersionDate "2021.10.06"]
[SourceQuality "1"]

1. d4 Nf6 2. e3 g6 3. f4 Bg7 4. Nf3 0-0 5. Be2 d6 6. 0-0 Nbd7 7. c4 c6 8. Nc3 Qe8 9. e4 e5 10. fxe5 dxe5 11. d5 cxd5 12. cxd5 Qd8 13. Kh1 h6 14. Qc2 Nh7 15. Be3 f5 16. Bd3 f4 17. Bf2 g5 18. Nb5 Nb6 19. Nc7 Rb8 20. a4 Bd7 21. a5 Nc8 22. Rac1 h5 23. Qc3 Qf6 24. Be2 g4 25. Bh4 Qd6 26. Nd2 Bf6 27. Bxf6 Rxf6 28. Bb5 Nf8 29. Bxd7 Nxd7 30. Nb5 Qe7 31. Nc7 Nd6 32. Qb4 Nf8 33. Nb5 Qd7 34. Nxd6 Rxd6 35. Nc4 Ra6 36. Nxe5 Qg7 37. Nd3 Ng6 38. Rce1 Ne5 39. Nxf4 Rf6 40. Nxh5 Rxf1+ 41. Rxf1 Qh6 42. Nf6+ Kh8 43. Qd6 Rf8 44. Qxe5 1-0

[Event "Kemerovo-ch"]
[Site "Kemerovo"]
[Date "2009.03.17"]
[Round "3"]
[White "Riabov, Alexander"]
[Black "Zimin, Ivan"]
[Result "1-0"]
[WhiteElo "2105"]
[BlackElo "2138"]
[PlyCount "122"]
[EventDate "2009.03.16"]
[EventType "swiss"]
[EventRounds "9"]
[EventCountry "RUS"]
[SourceTitle "EXT 2010"]
[Source "ChessBase"]
[SourceDate "2010.11.25"]
[SourceVersion "1"]
[SourceVersionDate "2010.11.25"]
[SourceQuality "1"]

1. d4 d5 2. Nf3 e6 3. g3 f5 4. Bg2 Nf6 5. 0-0 Be7 6. c4 c6 7. b3 0-0 8. Ne5 Nbd7 9. Nd3 Re8 10. c5 b6 11. cxb6 axb6 12. Bb2 Bb7 13. Nd2 Ba3 14. Bxa3 Rxa3 15. Qc2 Qa8 16. Nf3 Rc8 17. Rfc1 h6 18. Qb2 Ra7 19. Rc2 Qb8 20. Rac1 Qd6 21. b4 Ba6 22. Nfe5 Bb5 23. f3 Rac7 24. e3 Qe7 25. Bf1 Nb8 26. Qb3 Ra7 27. Nb2 Bxf1 28. Kxf1 Qd6 29. Nbd3 Rac7 30. Rc3 Nfd7 31. a4 Nxe5 32. dxe5 Qe7 33. Qc2 c5 34. bxc5 bxc5 35. a5 c4 36. Nf4 Kf7 37. Ne2 Qc5 38. Ra1 Nc6 39. a6 Nxe5 40. Nd4 Nd3 41. f4 Ra8 42. Rca3 Nb4 43. Qc3 Nc6 44. Nxc6 Qxc6 45. a7 Qb6 46. Ra6 Qb3 47. Qe5 Re7 48. Qd4 c3 49. R6a3 Qb5+ 50. Kg2 Qe2+ 51. Kg1 c2 52. R3a2 Rb7 53. Rb2 Rxb2 54. Qxb2 Qxe3+ 55. Kg2 Qd2+ 56. Kh3 Kg6 57. Rc1 Rxa7 58. Rxc2 Qa5 59. Qe5 Re7 60. Rg2 h5 61. Rb2 Qa3 1-0

[Event "Kemerovo-ch Seniors"]
[Site "Kemerovo"]
[Date "2008.05.20"]
[Round "8"]
[White "Starkov, S."]
[Black "Zimin, Ivan"]
[Result "1-0"]
[WhiteElo "2281"]
[BlackElo "2148"]
[PlyCount "23"]
[EventDate "2008.05.13"]
[EventType "tourn"]
[EventRounds "11"]
[EventCountry "RUS"]
[SourceTitle "EXT 2022"]
[Source "ChessBase"]
[SourceDate "2021.10.06"]
[SourceVersion "1"]
[SourceVersionDate "2021.10.06"]
[SourceQuality "1"]

1. e4 e5 2. Nf3 Qe7 3. Bc4 h6 4. Nc3 c6 5. 0-0 d6 6. d4 exd4 7. Nxd4 Nf6 8. Nf5 Bxf5 9. exf5 Nbd7 10. Re1 Ne5 11. f4 d5 12. Rxe5 1-0